<?xml version="1.0" encoding="UTF-8"?>
<record
    xmlns:xsi="http://www.w3.org/2001/XMLSchema-instance"
    xsi:schemaLocation="http://www.loc.gov/MARC21/slim http://www.loc.gov/standards/marcxml/schema/MARC21slim.xsd"
    xmlns="http://www.loc.gov/MARC21/slim">

  <leader>00371nam a2200121Ia 4500</leader>
  <controlfield tag="001">IA_2. Proyectos Agroindustriales</controlfield>
  <controlfield tag="002">ESTUDIO PREVIO DE PAFTIBILIDAD TECNICO-ECONOMICO Y</controlfield>
  <controlfield tag="008">220117s    xx            000 0 und d</controlfield>
  <datafield tag="010" ind1=" " ind2=" ">
    <subfield code="a">183166</subfield>
  </datafield>
  <datafield tag="700" ind1="1" ind2=" ">
    <subfield code="a">Nava Casta&#xF1;eda, Gregorio Valent&#xED;n</subfield>
    <subfield code="9">80441</subfield>
  </datafield>
  <datafield tag="942" ind1=" " ind2=" ">
    <subfield code="c">TESIS 890</subfield>
  </datafield>
  <datafield tag="999" ind1=" " ind2=" ">
    <subfield code="c">183166</subfield>
    <subfield code="d">183166</subfield>
  </datafield>
</record>
